| 000 | 00688nam a2200217 a 4500 | ||
|---|---|---|---|
| 001 | 000041380 | ||
| 005 | 20201002034834.0 | ||
| 008 | 131001s1993 sp 000 0 spa d | ||
| 020 | _a8479531177 | ||
| 040 |
_aDO-SdBNP _bspa _cBNPHU |
||
| 082 |
_axxxx _bR484a, 1993 |
||
| 100 | 1 |
_aRibeiro, Lair _968031 |
|
| 240 | 1 | 0 |
_aEmagreça comendo. _lEspañol |
| 245 | 1 | 0 |
_aAdelgazar comiendo / _cLair Ribeiro ; traducción Juan Bastanzo. |
| 250 | _a5a ed. | ||
| 260 |
_aBarcelona : _bUrano, _c1993. |
||
| 300 |
_a158 p. ; _c22 cm. |
||
| 500 | _aIncluye datos biográficos del autor en la solapa de la contracubierta | ||
| 590 | _aInventariado, 2019 /LP | ||
| 700 | 1 |
_aBastanzo, Juan, _etr. _968032 |
|
| 999 |
_c40870 _d40870 |
||